LEADER 00872cam0 22002653 450 001 SOB020487 005 20200623153712.0 100 $a20040211d1979 |||||ita|0103 ba 101 $aita 102 $aIT 200 1 $aErich von Stroheim$fAlessandro Cappabianca 210 $aFirenze$cLa Nuova Italia$d1979 215 $a96 p.$d17 cm 225 2 $aIl Castoro cinema$v63 410 1$1001LAEC00016618$12001 $a*Il Castoro cinema$v63 700 1$aCappabianca$b, Alessandro$3AF00004419$4070$035826 801 0$aIT$bUNISOB$c20200623$gRICA 850 $aUNISOB 852 $aUNISOB$j791.43|Coll|2|K$m114517 912 $aSOB020487 940 $aM 102 Monografia moderna SBN 941 $aM 957 $a791.43|Coll|2|K$b000074$gSI$d114517$rACQUISTO$1Spinosa$2UNISOB$3UNISOB$420200623153617.0$520200623153648.0$6Spinosa 996 $aErich Von Stroheim$9981468 997 $aUNISOB